| 000 | 00685nam a2200217 u 4500 | ||
|---|---|---|---|
| 005 | 20240228064019.0 | ||
| 008 | 101005s2002 es r 000 0 spa d | ||
| 020 | _a842053739X | ||
| 035 | _aUPN01000178014 | ||
| 049 | _aI | ||
| 050 | 4 |
_aPZ76.3 _bA4.33 |
|
| 100 | 1 |
_aAlvarez González, Blanca, _d1957- _930711 |
|
| 245 | 1 | 3 |
_aLa decisión de Bella / _cBlanca Alvarez ; il. Carmen García Iglesias. |
| 260 |
_aMadrid : _bAlhambra, _c2002. |
||
| 300 |
_a75 p. : _bil. col. |
||
| 440 | 0 |
_a+8 años ; _v5 |
|
| 650 | 4 |
_aGATOS - _vLITERATURA INFANTIL _910191 |
|
| 650 | 4 |
_aLibros y lectura para niños _92290 |
|
| 700 | 1 |
_aGarcía Iglesias, Carmen, _d1957- _eil. _940178 |
|
| 905 | _aInfantil | ||
| 999 |
_c150117 _d150117 |
||